| 000 | 00708nam a22002177a 4500 | ||
|---|---|---|---|
| 005 | 20251108172349.0 | ||
| 008 | 250721s1987 xx 000 0 ara d | ||
| 082 | 1 | 4 | _a810.095/عنا |
| 100 | 1 | _aالعناني، أحمد | |
| 245 | 1 | 0 | _aالأدب من منظور إسلامي / |
| 264 | 1 |
_aعمان : _bدار البيرق للطباعة و النشر و التوزيع، _c1987. |
|
| 300 | _a170ص. | ||
| 650 | 1 | 7 | _aالأدب العربي |
| 650 | 1 | 7 | _aالنقد الأدبي |
| 650 | 1 | 7 | _aالعصر المدني من حياة النبي |
| 650 | 1 | 7 | _aالعصر العباسي |
| 650 | 1 | 7 | _aالشعر العربي |
| 650 | 1 | 7 | _aعلم البلاغة |
| 942 |
_2ddc _cBK |
||
| 999 |
_c77335 _d77335 |
||